000 00752nam a2200265 i 4500
001 bgj
100 1 _aSHAKESPEARE, William
_d(1564-1616)
245 1 0 _aThe Tragedy of Hamlet, Prince of Denmark /
_cWilliam Shakespeare.
260 _aWaltham [etc.] :
_bGinn-Blaisdell,
_cc. 1967.
300 _a179 pp ;
_c21 cm.
490 1 _aThe Kittredge Shakespeares
650 9 _aEnglish drama
_y16th century
650 9 _aTheater
_zEngland
_y16th century
650 9 _aKings and rulers
650 9 _aMurder victim's families
650 9 _aPrinces
650 9 _aRevenge
651 9 _aDenmark
655 _aDrama
830 _aThe Kittredge Shakespeares
040 _cBPK
041 0 _aeng
942 _cKS
008 s uk f |000 0 eng
999 _c48869
_d48869